| 000 | 00327nam a22000977a 4500 | ||
|---|---|---|---|
| 008 | 150619t xxu||||| |||| 00| 0 eng d | ||
| 100 |
_aFaiza Syed-sup-Dr saadia andaleeb _9999 |
||
| 245 |
_aTH-BS-Prevalence of ciprofloxacin resistance in clinical and environmental Escherichia coli isolates _hThesis |
||
| 300 | _a85 | ||
| 942 |
_2ddc _cCR |
||
| 999 |
_c17268 _d17268 |
||